Statistics for Diaspora-Cambodia

Click here to take the quiz!

General Stats

  • This quiz has been taken 83 times
  • The average score is 10 of 11

Answer Stats

Number of immigrantsContinentCountry% Correct
1.400.000AsiaVietnam
100%
331.773North AmericaUnited States of America
99%
36.920OceaniaAustralia
97%
25.245North AmericaCanada
97%
1.200.000AsiaThailand
93%
10.000EuropeFrance
88%
6.111AsiaJapan
88%
6.918OceaniaNew Zealand
85%
11.381AsiaMalaysia
84%
45.610AsiaSouth Korea
73%
6.000AsiaTaiwan
57%

Score Distribution

Percentile by Number Answered

Percent of People with Each Score

Your Score History

You have not taken this quiz